Szczegóły MARC21

Basic research methods : an entry to social science research /

005 -DATA I CZAS OSTATNIEJ MODYFIKACJI [,]
    • @
    • pole kontrolne
    • 20140702130739.0
020 -Międzynarod. znormalizowany nr książki - ISBN [ , ]
    • a
    • Numer ISBN
    • 9788132104575 Find
040 -Instytucja sporządzająca opis [ , ]
    • a
    • Instytucja, która sporządziła opis (NP)
    • SZCZ U/JG
    • c
    • Instytucja, która sporządziła rekord (NP)
    • SZCZ U/JG
    • d
    • Instytucja, która zmodyfikowała rekord (P)
    • SZCZ U/JŚ
041 -Język dokumentu [0, ]
    • a
    • Język tekstu (P)
    • angielski
044 -Kraj miejsca wydania [ , ]
    • a
    • Kraj miejsca wydania
    • us
942 -Rodzaj dokumentu [ , ]
    • c
    • Rodzaj dokumentu
    • Książka
100 -Hasło główne - nazwa osobowa [1, ]
    • 9
    • KHW
    • 72189
    • a
    • Nazwa osobowa (NP)
    • Guthrie, Gerard.
245 -Strefa tytułu i oznaczenia odpowiedzialności [1,0]
    • a
    • Tytuł
    • Basic research methods : Find
    • b
    • Ciąg dalszy tytułu (NP)
    • an entry to social science research / Find
    • c
    • Pozostałe elementy strefy tytułu i oznaczenia odpowiedzialności (NP)
    • Gerard Guthrie.
250 -Strefa wydania [ , ]
    • a
    • Oznaczenie wydania (NP)
    • 4th print.
260 -Strefa adresu wydawniczego [ , ]
    • a
    • Miejsce wydania (P)
    • Los Angeles [etc.] :
    • b
    • Nazwa wydawcy (P)
    • SAGE,
    • c
    • Data wydania (P)
    • 2012.
300 -Strefa opisu fizycznego [ , ]
    • a
    • Określenie formy książki i/lub objętość (NP)
    • XVI, 221 s. :
    • b
    • Oznaczenie ilustracji (NP)
    • il. ;
    • c
    • Format (NP)
    • 24 cm.
504 -Uwaga dot. bibliogr. załącznikowej [ , ]
    • a
    • Uwaga dot. bibliografii załącznikowej
    • Bibliogr. przy rozdz. Indeks.
080 -Uniwersalna Klasyfikacja Dziesiętna [ , ]
    • 2
    • Identyfikator wydania tablic
    • UDC-P058
    • 9
    • UKD
    • 2709
    • a
    • Symbol klasyfikacji
    • 303.4/.8
    • b
    • Dopowiedzenie
    • Metody i techniki badań społecznych. Rodzaje badań. Strategia badań. Projektowanie badań. Surveye. Badania ankietowe. Ankiety. Dobór prób. Wywiady. Kwestionariusze. Opracowanie wyników. Organizacja badań. Socjometria. Metoda biograficzna w socjologii (biogramy)
    • 4
    • UKD2
    • 7644
    • x
    • Poddział wspólny
    • =111
    • c
    • Dopowiedzenie poddz. wspólnego
    • =Język angielski.
980 -Symbol UKD [ , ]
    • a
    • UKD
    • 303.4/.8=111
710 -Hasło dodatkowe - nazwa ciała zbiorowego [2, ]
    • 9
    • KHW
    • 55261
    • a
    • Nazwa ciała zbiorowego lub nazwa geograficzna jako pierwszy element (NP)
    • SAGE Publishing.
    • 4
    • Kod relacji
    • pbl
920 -ISBN [ , ]
    • a
    • ISBN
    • 978-81-321-0457-5 (PB) Find
Sygnatura Numer inwentarzowy Status udost. Data inwentaryzacji Lokalizacja
T.15868T.15868-22014-04-07T